50 Personajes de El Internado por Fotos - Estadísticas

Estadísticas generales
  • Esta prueba ha sido intentada 246 veces
  • La puntuación promedio es 22 de 50
Estadísticas de respuestas
Imagen Respuesta % Correcto
Iván Noiret
95%
Marcos Novoa Pazos
94%
María Almagro
90%
Paula Novoa Pazos
88%
Carolina "Carol" Leal
87%
Héctor de la Vega
87%
Julia Medina
84%
Fermín de Pablo
83%
Roque Sánchez
83%
Evelyn
82%
Elsa Fernández
81%
Victoria "Vicky" Martínez
77%
Jacinta García
73%
Amelia Ugarte
72%
Cayetano
72%
Jacques Noiret
69%
Lucas Moreno
61%
Sandra Pazos
53%
Pablo Fernández "el Gnomo"
51%
Camilo Belmonte
48%
Javier Holgado
48%
Martín Moreno
45%
Pedro Camacho
45%
Alfonso
43%
Lucía
35%
Mateo Tabuenca
35%
Hugo Alonso
34%
Rebeca Benarroch
34%
Eva Wulf
30%
Nora
29%
Amaia
27%
Antonio "Toni"
27%
Miguel
25%
Saúl Pérez Sabán
25%
Andrés Novoa
24%
Santiago Pazos
22%
Alicia Corral
20%
Joaquín Fernández
20%
Curro
17%
Nacho
17%
Mario (abogado)
16%
Antonio (guardabosques)
15%
Fernando Ugarte
15%
Teniente Garrido
15%
Clara Sáez
14%
Rubén
14%
Coronel Araujo
13%
Arturo
5%
Márquez
5%
Tomás Noiret
4%
No se encontraron pruebas coincidentes
Distribución de puntuación
Porcentaje de gente con cada puntuación
Porcentaje por número respondido
Historial de tus puntuaciones
No has intentado esta prueba.